Daniel and Friends at the Carlisle Indian School
The first chapter of the Book of Daniel presents a narrative of resistance against empire. Reading this text in the context of the Hellenistic world and in conversation with the Carlisle Indian School, a 19th-20th century residential school for the "civilization" of Native Americans, shows...
| Main Author: | |
|---|---|
| Format: | Electronic Article |
| Language: | English |
| Check availability: | HBZ Gateway |
| Interlibrary Loan: | Interlibrary Loan for the Fachinformationsdienste (Specialized Information Services in Germany) |
| Published: |
2021
|
| In: |
Stellenbosch theological journal
Year: 2021, Volume: 7, Issue: 1, Pages: 1-17 |
| RelBib Classification: | FD Contextual theology HB Old Testament KBQ North America TJ Modern history TK Recent history ZF Education |
| Online Access: |
Volltext (kostenfrei) Volltext (kostenfrei) |
MARC
| LEADER | 00000caa a22000002c 4500 | ||
|---|---|---|---|
| 001 | 1870324366 | ||
| 003 | DE-627 | ||
| 005 | 20231128152302.0 | ||
| 007 | cr uuu---uuuuu | ||
| 008 | 231115s2021 xx |||||o 00| ||eng c | ||
| 024 | 7 | |a 10.17570/stj.2021.v7n1.a23 |2 doi | |
| 035 | |a (DE-627)1870324366 | ||
| 035 | |a (DE-599)KXP1870324366 | ||
| 040 | |a DE-627 |b ger |c DE-627 |e rda | ||
| 041 | |a eng | ||
| 084 | |a 1 |2 ssgn | ||
| 100 | 1 | |e VerfasserIn |0 (DE-588)173963722 |0 (DE-627)675052513 |0 (DE-576)189237295 |4 aut |a Miller, Robert D. |d 1966-2023 | |
| 109 | |a Miller, Robert D. 1966-2023 |a Miller, Robert D. II 1966-2023 |a Miller, Robert Donald 1966-2023 |a Miller, Robert 1966-2023 |a Miller, Robert II 1966-2023 | ||
| 245 | 1 | 0 | |a Daniel and Friends at the Carlisle Indian School |
| 264 | 1 | |c 2021 | |
| 336 | |a Text |b txt |2 rdacontent | ||
| 337 | |a Computermedien |b c |2 rdamedia | ||
| 338 | |a Online-Ressource |b cr |2 rdacarrier | ||
| 520 | |a The first chapter of the Book of Daniel presents a narrative of resistance against empire. Reading this text in the context of the Hellenistic world and in conversation with the Carlisle Indian School, a 19th-20th century residential school for the "civilization" of Native Americans, shows both the multiple facets of colonialism and the ways in which resistance is possible and enjoined by the Bible. | ||
| 601 | |a Carlisle, Pa. | ||
| 652 | |a FD:HB:KBQ:TJ:TK:ZF | ||
| 773 | 0 | 8 | |i Enthalten in |t Stellenbosch theological journal |d Stellenbosch : Stellenbosch University, 2015 |g 7(2021), 1, Seite 1-17 |h Online-Ressource |w (DE-627)868288934 |w (DE-600)2868716-4 |w (DE-576)477219799 |x 2413-9467 |7 nnas |
| 773 | 1 | 8 | |g volume:7 |g year:2021 |g number:1 |g pages:1-17 |
| 856 | |u https://ojs.reformedjournals.co.za/index.php/stj/article/download/2218/3175 |x unpaywall |z Vermutlich kostenfreier Zugang |h publisher [deprecated] | ||
| 856 | 4 | 0 | |u https://doi.org/10.17570/stj.2021.v7n1.a23 |x Resolving-System |z kostenfrei |3 Volltext |7 0 |
| 856 | 4 | 0 | |u https://ojs.reformedjournals.co.za/stj/article/view/2218 |x Verlag |z kostenfrei |3 Volltext |7 0 |
| 951 | |a AR | ||
| BIB | |a 1 | ||
| ELC | |a 1 | ||
| LOK | |0 000 xxxxxcx a22 zn 4500 | ||
| LOK | |0 001 4407591552 | ||
| LOK | |0 003 DE-627 | ||
| LOK | |0 004 1870324366 | ||
| LOK | |0 005 20241008115932 | ||
| LOK | |0 008 231115||||||||||||||||ger||||||| | ||
| LOK | |0 040 |a DE-Tue135 |c DE-627 |d DE-Tue135 | ||
| LOK | |0 092 |o n | ||
| LOK | |0 852 |a DE-Tue135 | ||
| LOK | |0 852 1 |9 00 | ||
| LOK | |0 935 |a ixzs |a ixzo | ||
| LOK | |0 936ln |0 1442049227 |a KBQ | ||
| LOK | |0 936ln |0 1442044128 |a HB | ||
| LOK | |0 936ln |0 1442044071 |a FD | ||
| LOK | |0 936ln |0 1442053712 |a ZF | ||
| LOK | |0 936ln |0 1442053909 |a TJ | ||
| LOK | |0 936ln |0 1442053887 |a TK | ||
| LOK | |0 939 |a 15-11-23 |b l01 | ||
| OAS | |a 1 | ||
| ORI | |a SA-MARC-ixtheoa001.raw | ||
| REL | |a 1 | ||
| SUB | |a BIB |a REL | ||



